Boost your intelligence (Record no. 2571)

MARC details
000 -LEADER
fixed length control field 00399nam a22001697a 4500
005 - DATE AND TIME OF LATEST TRANSACTION
control field 20160614094715.0
008 - FIXED-LENGTH DATA ELEMENTS--GENERAL INFORMATION
fixed length control field 160614b xxu||||| |||| 00| 0 eng d
020 ## - INTERNATIONAL STANDARD BOOK NUMBER
ISBN 81-7554-139-3
041 ## - LANGUAGE CODE
Language code of text/sound track or separate title eng
082 ## - DEWEY DECIMAL CLASSIFICATION NUMBER
Item number 7310
100 ## - MAIN ENTRY--AUTHOR NAME
Personal name Alder, Harry
245 ## - TITLE STATEMENT
Title Boost your intelligence
260 ## - PUBLICATION, DISTRIBUTION, ETC. (IMPRINT)
Name of publisher Kogen Pege India (p) ltd
Year of publication 2002
300 ## - PHYSICAL DESCRIPTION
Number of Pages 171
650 ## - SUBJECT ADDED ENTRY--TOPICAL TERM
Topical Term Management
942 ## - ADDED ENTRY ELEMENTS (KOHA)
Koha item type Books
Holdings
Lost status Damaged status Collection code Home library Current library Shelving location Date acquired Cost, normal purchase price Full call number Accession Number Koha item type
    LIFE SKILL JRU Library JRU Library SHELF-102-I 14/06/2016 195.00 153.9 7310 Books
      JRU Library   SHELF-102-I 14/06/2016 195.00 153.9 7311 Books